000 00706nam a2200289Ia 4500
005 20260324121859.0
008 008 260324s9999 xx 000 0 eng d
020 _a9780429484667
037 _aEBOOK
040 _aCRL
040 _beng
040 _cCRL
041 _2eng
041 _aeng
084 _qCRL
100 _aManuela Utrilla Robles
_91164237
245 0 _aUpheavals in the Psychoanalytical Institutions II
245 0 _bUpheavals in the Institutions
260 _bTaylor and Francis
260 _c2013
365 _a
365 _b205
856 _uhttp://www.taylorfrancis.com/books/9780429484667
942 _cEBOOK
999 _c1756605
_d1756605